[Event "17e tournoi de Noël"]
[Site "Montigny le Bretonneux"]
[Date "2016.12.27"]
[Round "2.6"]
[White "Verat-Fayolle, Celian"]
[Black "Ibazizen, Abdelatif"]
[Result "0-1"]
[WhiteElo "1704"]
[BlackElo "2021"]
[Annotator "Rivier,Sylvain"]
[PlyCount "82"]
[EventDate "2016.??.??"]

{Défense sicilienne, attaque Canal-Sokolsky} 1. e4 c5 2. Nf3 d6 3. Bb5+ Nd7 4.
e5 dxe5 5. Nxe5 Ngf6 6. d4 e6 7. Bg5 a6 8. Bxd7+ Bxd7 9. dxc5 Bxc5 10. O-O Be7
11. Nc3 Bc8 12. Qe2 O-O 13. Rfd1 Qc7 14. Bf4 Qa5 15. Nc4 Qh5 16. Qxh5 Nxh5 17.
Bd6 Bxd6 18. Rxd6 b5 19. Nb6 Rb8 20. Nxc8 Rfxc8 21. Rad1 Nf6 22. a3 Ra8 23. Na2
Kf8 24. Nb4 a5 25. Nc6 Nd5 26. b4 axb4 27. Nxb4 Nxb4 28. axb4 Rxc2 29. Rb6 Raa2
30. g4 g6 31. Rb8+ Kg7 32. Rdd8 Kh6 33. Rxb5 Rxf2 34. g5+ Kh5 35. Rh8 Rfb2 36.
Rxh7+ Kg4 37. Rxf7 Rg2+ 38. Kh1 Rxh2+ 39. Kg1 Kg3 40. Ra5 Rag2+ 41. Kf1 Rh1#
0-1

[Event "17e tournoi de Noël"]
[Site "Montigny le Bretonneux"]
[Date "2016.12.27"]
[Round "2.7"]
[White "Ribiere, Damien"]
[Black "Houhou, Alexandre"]
[Result "1-0"]
[WhiteElo "1957"]
[BlackElo "1679"]
[Annotator "Rivier,Sylvain"]
[PlyCount "27"]
[EventDate "2016.??.??"]

{Défense française, variante Steinitz} 1. e4 e6 2. d4 d5 3. Nc3 Nf6 4. e5 Nfd7
5. Nf3 c5 6. dxc5 Nc6 7. Bf4 Bxc5 8. Bd3 Qb6 9. O-O Qxb2 10. Nb5 O-O 11. Bxh7+
Kxh7 12. Ng5+ Kg8 13. Qd3 g6 14. Qh3 1-0

[Event "17e tournoi de Noël"]
[Site "Montigny le Bretonneux"]
[Date "2016.12.27"]
[Round "2.8"]
[White "Couradin, Jean-Marie"]
[Black "Appavou, Calixte"]
[Result "0-1"]
[WhiteElo "1648"]
[BlackElo "1917"]
[Annotator "Rivier,Sylvain"]
[PlyCount "76"]
[EventDate "2016.??.??"]

{Partie du pion dame} 1. d4 d5 2. Nf3 Nf6 3. Bf4 c6 4. e3 Bf5 5. h3 h6 6. Nbd2
e6 7. Be2 Nbd7 8. c4 Be7 9. Qb3 Qb6 10. O-O O-O 11. c5 Qxb3 12. axb3 a6 13. b4
Ne4 14. Nb3 g5 15. Bh2 h5 16. Nfd2 g4 17. Nxe4 dxe4 18. hxg4 hxg4 19. Bf4 Nf6
20. Na5 Ra7 21. Nc4 Nd5 22. Ra4 Nxf4 23. exf4 Rd8 24. Rd1 Bf6 25. Nd6 Be7 26.
Nc4 Raa8 27. g3 Kg7 28. Ne3 Bf6 29. Bxg4 Bxg4 30. Nxg4 Bxd4 31. b3 f5 32. b5
Bxc5 33. Rxd8 Rxd8 34. Ne3 cxb5 35. Ra2 Bxe3 36. fxe3 Rd3 37. Rc2 Rxe3 38. Rc7+
Kf6 0-1

[Event "17e tournoi de Noël"]
[Site "Montigny le Bretonneux"]
[Date "2016.12.27"]
[Round "2.9"]
[White "Sondermeijer, Damien"]
[Black "Fayolle, Guy"]
[Result "0-1"]
[WhiteElo "1009"]
[BlackElo "1818"]
[Annotator "Rivier,Sylvain"]
[PlyCount "80"]
[EventDate "2016.??.??"]

{Défense des deux cavaliers} 1. e4 e5 2. Nf3 Nc6 3. Bc4 Nf6 4. Ng5 d5 5. exd5
Na5 6. Bb5+ c6 7. dxc6 bxc6 8. Ba4 h6 9. Nf3 e4 10. Ng1 Bc5 11. Ne2 Ng4 12. O-O
Qh4 13. h3 Nxf2 14. Rxf2 Qxf2+ 15. Kh2 Bd6+ 16. Kh1 Bxh3 17. Qg1 Qxe2 18. gxh3
O-O 19. Nc3 Qf3+ 20. Qg2 Qxg2+ 21. Kxg2 f5 22. a3 Rac8 23. b4 Nb7 24. Bb2 Be5
25. Rd1 Rf6 26. Nxe4 Rg6+ 27. Kf2 Bxb2 28. Nc3 Rd8 29. Ne2 Bd4+ 30. Kf1 Kh7 31.
c3 Bb6 32. Bc2 Kh8 33. Bxf5 Rf6 34. Ng3 Nd6 35. Kg2 Nxf5 36. Nh5 Rg6+ 37. Kf3
Nh4+ 38. Ke2 Re6+ 39. Kf1 Rf8+ 40. Nf6 Rfxf6# 0-1

[Event "17e tournoi de Noël"]
[Site "Montigny le Bretonneux"]
[Date "2016.12.27"]
[Round "2.10"]
[White "Larramendy, Pierre"]
[Black "Maquin, Andre"]
[Result "1-0"]
[WhiteElo "1796"]
[BlackElo "1629"]
[Annotator "Rivier,Sylvain"]
[PlyCount "69"]
[EventDate "2016.??.??"]

{Défense hollandaise} 1. d4 g6 2. c4 Bg7 3. Nc3 d6 4. e4 f5 5. f3 Nf6 6. Bd3
fxe4 7. fxe4 Nc6 8. Nf3 Bg4 9. Be3 O-O 10. Be2 e5 11. d5 Nb8 12. Qd2 Nbd7 13.
h3 Bxf3 14. Bxf3 Rf7 15. h4 h5 16. O-O-O a6 17. Kb1 b6 18. Qe2 Nc5 19. g4 hxg4
20. Bxg4 Ncxe4 21. Nxe4 Nxe4 22. Be6 Ng3 23. Qf3 Nf5 24. Bxf7+ Kxf7 25. h5 Qf6
26. hxg6+ Kg8 27. Bd2 e4 28. Qc3 Qe7 29. Qh3 e3 30. Rde1 Qe4+ 31. Ka1 Nd4 32.
Qh7+ Kf8 33. Rhf1+ Ke8 34. Qg8+ Kd7 35. Rf7+ 1-0

[Event "17e tournoi de Noël"]
[Site "Montigny le Bretonneux"]
[Date "2016.12.27"]
[Round "2.11"]
[White "Mongey, Alain"]
[Black "Bouloc, Roger"]
[Result "0-1"]
[WhiteElo "1589"]
[BlackElo "1413"]
[Annotator "Rivier,Sylvain"]
[PlyCount "104"]
[EventDate "2016.??.??"]

{Partie du pion dame} 1. d4 d5 2. Nf3 Nc6 3. Bg5 f6 4. Bf4 e6 5. e3 Bd6 6. Bxd6
Qxd6 7. Be2 Bd7 8. Nbd2 Nge7 9. c4 Ng6 10. a3 O-O 11. c5 Qe7 12. b4 a6 13. Bd3
Qf7 14. Qc2 Nce7 15. h3 Bb5 16. Bxb5 axb5 17. Nb3 c6 18. O-O Nf5 19. Na5 Rab8
20. a4 bxa4 21. Rxa4 Rfc8 22. Rfa1 Ngh4 23. Nxh4 Nxh4 24. Nb3 Nf5 25. Ra7 Qe8
26. Qd3 b5 27. Nd2 Ra8 28. e4 Nh4 29. Qg3 Ng6 30. Rxa8 Rxa8 31. Ra5 Qd8 32. Qa3
Rc8 33. Qa1 e5 34. exd5 Qxd5 35. Qa2 Qxa2 36. Rxa2 exd4 37. Ne4 Ne5 38. Nd6 Rd8
39. Kf1 Nc4 40. Ne4 d3 41. Nd2 Rd4 42. Ke1 Ne5 43. Rb2 Nc4 44. Nxc4 bxc4 45.
Kd2 Kf7 46. Kc3 Re4 47. b5 Re2 48. Rb1 Rc2+ 49. Kd4 cxb5 50. Rxb5 d2 51. Rb1
Rc1 52. Rb7+ Kg6 0-1

[Event "17e tournoi de Noël"]
[Site "Montigny le Bretonneux"]
[Date "2016.12.27"]
[Round "2.12"]
[White "Saugrain, Marc-Antoine"]
[Black "Chaintreau, Thomas"]
[Result "1-0"]
[WhiteElo "1821"]
[BlackElo "1099"]
[Annotator "Rivier,Sylvain"]
[PlyCount "75"]
[EventDate "2016.??.??"]

{Partie espagnole, défense Steinitz} 1. e4 e5 2. Nf3 Nc6 3. Bb5 d6 4. d4 exd4
5. Nxd4 Bd7 6. Bxc6 Bxc6 7. Nc3 d5 8. exd5 Bxd5 9. O-O Bc4 10. Re1+ Ne7 11. Bf4
g6 12. Ndb5 Qxd1 13. Raxd1 Bxb5 14. Nxb5 Rc8 15. Nxc7+ Rxc7 16. Bxc7 f6 17. g3
Bg7 18. Rd8+ Kf7 19. Rd7 Re8 20. Bd6 Bf8 21. Rxb7 Kg8 22. Bxe7 Bxe7 23. Rexe7
Rxe7 24. Rxe7 a5 25. c4 h6 26. c5 Kf8 27. Ra7 Ke8 28. c6 Kd8 29. Rxa5 Kc7 30.
Rc5 Kb6 31. Rc3 Kc7 32. b4 f5 33. b5 g5 34. b6+ Kxb6 35. c7 Kb5 36. c8=Q f4 37.
Rb3+ Ka5 38. Qa8# 1-0

[Event "17e tournoi de Noël"]
[Site "Montigny le Bretonneux"]
[Date "2016.12.27"]
[Round "2.13"]
[White "Jen, Jin-Xian-Koki"]
[Black "Nguyen, Hai Long"]
[Result "0-1"]
[WhiteElo "1302"]
[BlackElo "1567"]
[Annotator "Rivier,Sylvain"]
[PlyCount "58"]
[EventDate "2016.??.??"]

{Défense sicilienne, variante du dragon} 1. e4 c5 2. Nf3 d6 3. d4 cxd4 4. Nxd4
Nf6 5. Nc3 g6 6. Bb5+ Bd7 7. Bxd7+ Qxd7 8. Bf4 e5 9. Bg5 Be7 10. Nf3 Na6 11.
O-O Nc5 12. Re1 h6 13. Bxf6 Bxf6 14. Nd5 Bg7 15. Nd2 O-O 16. Re3 Rad8 17. Rf3
f5 18. exf5 Rxf5 19. b4 Ne6 20. Ne4 Rdf8 21. Rxf5 gxf5 22. Nc5 Qf7 23. Nxe6
Qxe6 24. Nc7 Qd7 25. Nd5 e4 26. Qh5 Bxa1 27. c3 Qg7 28. Qh3 Qg4 29. Qxh6 Qd1#
0-1

[Event "17e tournoi de Noël"]
[Site "Montigny le Bretonneux"]
[Date "2016.12.27"]
[Round "2.14"]
[White "Ider, Jargalan"]
[Black "Sondermeijer, Antoine"]
[Result "1-0"]
[WhiteElo "1537"]
[BlackElo "1399"]
[Annotator "Rivier,Sylvain"]
[PlyCount "115"]
[EventDate "2016.??.??"]

{Ouverture du pion dame} 1. d4 Nf6 2. Nf3 c5 3. e3 cxd4 4. exd4 e6 5. Bd3 Nc6
6. c3 Be7 7. Bf4 d6 8. h3 O-O 9. O-O a6 10. Qe2 Bd7 11. Nbd2 Qc8 12. Ne4 Ne8
13. Neg5 Nf6 14. Ne4 Nxe4 15. Bxe4 f6 16. d5 Nd8 17. dxe6 Bxe6 18. Rad1 Qd7 19.
Bd5 Kh8 20. Rfe1 Bxd5 21. Rxd5 Nc6 22. Nd4 Rfe8 23. Nf5 Bf8 24. Qd2 Rxe1+ 25.
Qxe1 Ne5 26. Ng3 Re8 27. Qd1 g5 28. Bxe5 Rxe5 29. Qf3 Qe6 30. Rxe5 dxe5 31.
Qxb7 Qxa2 32. Nh5 Qb1+ 33. Kh2 Qg6 34. Qc8 Qf7 35. Qd8 Qe7 36. Qb6 f5 37. Qxa6
Qd6 38. Qxd6 Bxd6 39. Kg1 h6 40. Ng3 f4 41. Ne4 Bc7 42. b4 Kg7 43. Kf1 Kf7 44.
Ke2 Ke6 45. c4 Kf5 46. f3 h5 47. c5 g4 48. hxg4+ hxg4 49. b5 gxf3+ 50. gxf3 Ke6
51. Kd3 Kd5 52. b6 Bb8 53. Kc3 Kc6 54. Kc4 Kb7 55. Kb5 Kc8 56. Kc6 Bc7 57. Nd6+
Bxd6 58. cxd6 1-0

[Event "17e tournoi de Noël"]
[Site "Montigny le Bretonneux"]
[Date "2016.12.27"]
[Round "2.16"]
[White "Longbien, Dominique"]
[Black "Tanchoux, Pierre"]
[Result "1-0"]
[WhiteElo "1513"]
[BlackElo "1311"]
[Annotator "Rivier,Sylvain"]
[PlyCount "91"]
[EventDate "2016.??.??"]

{Ouverture anglaise, variante Botvinnik} 1. e4 c5 2. c4 d6 3. Nc3 e6 4. g3 Nf6
5. Bg2 Nc6 6. Nge2 Be7 7. O-O O-O 8. a3 Qc7 9. d4 cxd4 10. Nxd4 Nxd4 11. Qxd4
e5 12. Qd3 a6 13. Rd1 Be6 14. b3 Rac8 15. Bb2 Bd7 16. Rac1 Qb6 17. Nd5 Nxd5 18.
Qxd5 Be6 19. Qd3 Rfd8 20. Rc2 Rf8 21. Bc1 f5 22. Be3 Qc7 23. Bh3 Qd7 24. exf5
Bxf5 25. Qd5+ Kh8 26. Bxf5 Qxf5 27. Rcd2 Rc6 28. b4 Bg5 29. Bxg5 Qxg5 30. Qe6
Qf6 31. Qd7 Rxc4 32. Qxb7 Rd4 33. Qxa6 Rxd2 34. Rxd2 Rd8 35. Qc6 Qe7 36. a4 Qd7
37. Qxd7 Rxd7 38. Rd5 Kg8 39. b5 Kf7 40. b6 Ke6 41. Rb5 Rb7 42. a5 Kd7 43. a6
Rb8 44. a7 Ra8 45. b7 Rxa7 46. b8=Q 1-0

[Event "17e tournoi de Noël"]
[Site "Montigny le Bretonneux"]
[Date "2016.12.27"]
[Round "2.17"]
[White "Fruchard, Alois"]
[Black "Barthere, Gilles"]
[Result "0-1"]
[WhiteElo "1174"]
[BlackElo "1509"]
[Annotator "Rivier,Sylvain"]
[PlyCount "130"]
[EventDate "2016.??.??"]

{Défense Nimzo-indienne, variante des trois cavaliers} 1. d4 Nf6 2. c4 e6 3.
Nc3 Bb4 4. Nf3 Ne4 5. Bd2 Nxd2 6. Qxd2 O-O 7. e4 b6 8. a3 Be7 9. Bd3 Bb7 10.
O-O c5 11. d5 d6 12. Qe3 e5 13. Nd2 Bg5 14. Qe2 Qf6 15. Rad1 Bc8 16. h3 Qg6 17.
Qf3 Nd7 18. Ne2 Nf6 19. Ng3 Bf4 20. Nf5 Bxf5 21. exf5 Qg5 22. Ne4 Nxe4 23. Bxe4
Qf6 24. g3 Bh6 25. g4 a5 26. Qg3 Bf4 27. Qg2 g5 28. f3 Kg7 29. Qf2 Rh8 30. Kg2
h5 31. Rh1 Rh6 32. h4 Rah8 33. Rh3 hxg4 34. fxg4 Rxh4 35. Rdh1 Rxg4+ 36. Kf3
Rxh3+ 37. Rxh3 Rh4 38. Rxh4 gxh4 39. Qg2+ Bg3 40. Kg4 Kh6 41. Qf3 Qg5+ 42. Kh3
Qc1 43. Qe2 Qf4 44. Qf3 Kg5 45. b3 Qxf3 46. Bxf3 Kxf5 47. Bg4+ Kf4 48. Be6 f5
49. Bf7 e4 50. Bh5 e3 51. Be2 Ke4 52. Kg2 f4 53. a4 Be1 54. Kf1 Bc3 55. Kg2 Be1
56. Kf1 Bg3 57. Kg2 Kd4 58. Kf1 Kc3 59. Bd1 h3 60. Kg1 h2+ 61. Kg2 Kd2 62. Bf3
e2 63. Bxe2 Kxe2 64. Kh1 Kd2 65. Kg2 Kc3 0-1

[Event "17e tournoi de Noël"]
[Site "Montigny le Bretonneux"]
[Date "2016.12.27"]
[Round "2.19"]
[White "Chaintreau, Maxime"]
[Black "Alif, Yassine"]
[Result "0-1"]
[WhiteElo "1110"]
[BlackElo "1445"]
[Annotator "Rivier,Sylvain"]
[PlyCount "78"]
[EventDate "2016.??.??"]

{Partie du pion dame, variante Tartacover} 1. d4 d5 2. Nc3 e6 3. Nf3 Nf6 4. Bg5
Be7 5. g3 h6 6. Bxf6 Bxf6 7. Bg2 b6 8. O-O Bb7 9. Re1 Nd7 10. e3 O-O 11. Qd3
Be7 12. a4 c5 13. Ne5 c4 14. Qd2 Nxe5 15. dxe5 Bb4 16. b3 Qc7 17. Qd4 Bc5 18.
Qg4 Qxe5 19. Nb5 Bb4 20. Red1 Rfc8 21. Rab1 a6 22. Nd4 cxb3 23. cxb3 Rc3 24.
Nf3 Qf6 25. Qxb4 Rc6 26. Rbc1 Rac8 27. Rxc6 Rxc6 28. a5 b5 29. Rd4 Rc1+ 30. Ne1
Rc6 31. Rf4 Qa1 32. e4 Rc1 33. Kf1 e5 34. Rh4 d4 35. Rh5 Rd1 36. Rxe5 d3 37.
Re8+ Kh7 38. Rd8 d2 39. Rxd2 Rxe1# 0-1

[Event "17e tournoi de Noël"]
[Site "Montigny le Bretonneux"]
[Date "2016.12.27"]
[Round "2.20"]
[White "Coquelin, Jonathan"]
[Black "Payot, Guillaume"]
[Result "1-0"]
[WhiteElo "1439"]
[BlackElo "1199"]
[Annotator "Rivier,Sylvain"]
[PlyCount "117"]
[EventDate "2016.??.??"]

{Défense Nimzo-indienne, système Rubinstein} 1. d4 Nf6 2. c4 e6 3. Nc3 Bb4 4.
e3 O-O 5. Bd3 d5 6. Nge2 Nc6 7. a3 Bxc3+ 8. Nxc3 Re8 9. cxd5 exd5 10. Qc2 g6
11. O-O a6 12. b4 Qd6 13. h3 Nh5 14. Ne2 Qf6 15. Kh2 Qd6+ 16. g3 Qd7 17. Ng1
Ne7 18. Bb2 Nf5 19. Bxf5 gxf5 20. Rac1 c6 21. Qe2 Nf6 22. Nf3 f4 23. Ng1 fxg3+
24. fxg3 Ne4 25. Rf4 Qc7 26. Qh5 Be6 27. Nf3 Re7 28. Ng5 Nxg5 29. Qxg5+ Kf8 30.
Qf6 Ke8 31. Qh8+ Kd7 32. Qxa8 Re8 33. Qa7 Rg8 34. Rcf1 f5 35. Qc5 Qd8 36. Qc2
Qg5 37. Rg1 Ke7 38. a4 Kd6 39. Qc5+ Kc7 40. b5 Rb8 41. Ba3 Qd8 42. Bb4 Qd7 43.
b6+ Kc8 44. Qf8+ Qd8 45. Qxd8+ Kxd8 46. a5 Kd7 47. Rh4 Rh8 48. Rh6 Bf7 49. Rf1
Bg6 50. h4 Re8 51. Rf3 Re6 52. h5 Be8 53. Rxh7+ Kd8 54. Rxb7 Bxh5 55. Rb8+ Kd7
56. Rxf5 Bg4 57. Rg5 Bf3 58. Rg7+ Re7 59. Rxe7# 1-0

[Event "17e tournoi de Noël"]
[Site "Montigny le Bretonneux"]
[Date "2016.12.27"]
[Round "2.21"]
[White "Handichi, Abdelkader"]
[Black "Ider, Ariuna"]
[Result "0-1"]
[WhiteElo "1409"]
[BlackElo "1119"]
[Annotator "Rivier,Sylvain"]
[PlyCount "56"]
[EventDate "2016.??.??"]

{Défense scandinave} 1. e4 d5 2. exd5 Qxd5 3. Nf3 Nf6 4. Be2 a6 5. O-O Bg4 6.
Nc3 Qd6 7. d3 Nc6 8. Re1 O-O-O 9. Bg5 Qd7 10. Bxf6 gxf6 11. Ne4 f5 12. Nc5 Qd5
13. d4 Nxd4 14. Nd3 Rg8 15. Nf4 Nxe2+ 16. Qxe2 Bxf3 17. Nxd5 Bxe2 18. Nxe7+
Bxe7 19. Rxe2 Bf6 20. c3 h5 21. Re3 Rd2 22. b3 Rgd8 23. Kf1 Rc2 24. Rae1 Bxc3
25. R1e2 Rd1+ 26. Re1 Rxe1+ 27. Rxe1 Bxe1 28. Kxe1 Rxa2 0-1

[Event "17e tournoi de Noël"]
[Site "Montigny le Bretonneux"]
[Date "2016.12.28"]
[Round "3.1"]
[White "Appavou, Calixte"]
[Black "Van Dongen, Patrick"]
[Result "0-1"]
[WhiteElo "1917"]
[BlackElo "2311"]
[Annotator "Rivier,Sylvain"]
[PlyCount "106"]
[EventDate "2016.??.??"]

{Défense sicilienne, fianchetto accéléré} 1. e4 c5 2. Nf3 Nc6 3. d4 cxd4 4.
Nxd4 g6 5. c3 Bg7 6. Be2 Nf6 7. Bf3 Ne5 8. O-O O-O 9. Qc2 d5 10. exd5 Nxf3+ 11.
Nxf3 Qxd5 12. Qd2 b6 13. Qxd5 Nxd5 14. Re1 Re8 15. h3 Bb7 16. Be3 Nxe3 17. fxe3
Rad8 18. Nbd2 f5 19. Rad1 Bf6 20. Nb3 Kf7 21. Rd2 Rxd2 22. Nbxd2 Rd8 23. e4 e6
24. exf5 exf5 25. Kf2 g5 26. Nb3 h5 27. Nbd4 Rd5 28. Nb3 Bc8 29. Re2 g4 30.
hxg4 hxg4 31. Rd2 Rxd2+ 32. Nfxd2 f4 33. Ne4 Bh4+ 34. g3 fxg3+ 35. Nxg3 Bb7 36.
Nd4 Be4 37. Nde2 Bb1 38. a3 Ke6 39. Ke3 Ke5 40. Nf1 Ba2 41. Nfg3 Bg5+ 42. Kf2
Be6 43. Nf1 Ke4 44. Nd4 Bd7 45. Ng3+ Kd3 46. Nge2 Bh4+ 47. Ng3 Kd2 48. Kg2 Kc1
49. b4 Kb2 50. Nge2 Kxa3 51. b5 Ka4 52. c4 Kb4 53. Nc6+ Kc5 0-1

[Event "17e tournoi de Noël"]
[Site "Montigny le Bretonneux"]
[Date "2016.12.28"]
[Round "3.2"]
[White "Etrog, Jonathan"]
[Black "Ribiere, Damien"]
[Result "1-0"]
[WhiteElo "2247"]
[BlackElo "1957"]
[Annotator "Rivier,Sylvain"]
[PlyCount "151"]
[EventDate "2016.??.??"]

{Défense est-indienne, variante du fianchetto} 1. c4 Nf6 2. g3 g6 3. Bg2 Bg7 4.
Nc3 O-O 5. d4 d6 6. Nf3 Nc6 7. O-O e5 8. d5 Nb8 9. e4 a5 10. Ne1 Na6 11. Nd3
Nd7 12. Be3 b6 13. a3 Nac5 14. Rb1 f5 15. exf5 gxf5 16. f3 Nxd3 17. Qxd3 f4 18.
Bf2 Nc5 19. Bxc5 bxc5 20. Ne4 fxg3 21. hxg3 Bf5 22. b4 axb4 23. axb4 cxb4 24.
Rxb4 Qe8 25. Rb7 Rc8 26. Qe2 Bh6 27. c5 Qg6 28. Kh2 Kh8 29. cxd6 cxd6 30. Rb6
Rcd8 31. Nxd6 Rxd6 32. Qxe5+ Rdf6 33. Rxf6 Rxf6 34. Ra1 Kg8 35. Ra8+ Rf8 36.
Rxf8+ Bxf8 37. Bh3 Bd6 38. Qe1 Qh5 39. Qf1 Bxh3 40. Qxh3 Qxf3 41. Qe6+ Qf7 42.
Qxd6 Qf2+ 43. Kh3 Qf5+ 44. Kg2 Qe4+ 45. Kf2 Qd4+ 46. Kf3 Qd3+ 47. Kf4 Qd4+ 48.
Kf5 Qf2+ 49. Ke6 Qf7+ 50. Ke5 Qh5+ 51. Kd4 Qd1+ 52. Kc5 Qc2+ 53. Kb6 Qf2+ 54.
Kb7 Qb2+ 55. Qb6 Qg7+ 56. Qc7 Qb2+ 57. Kc8 Qg2 58. Qe5 Qc2+ 59. Kd7 Qa4+ 60.
Ke6 Qe8+ 61. Kf5 Qg6+ 62. Kf4 Qf7+ 63. Kg4 Qf1 64. Qe6+ Kg7 65. Qe5+ Kg8 66. d6
Qc4+ 67. Qf4 Qe2+ 68. Kh4 Qg2 69. d7 Qh2+ 70. Kg5 h6+ 71. Kf6 Qb2+ 72. Qe5 Qf2+
73. Qf5 Qb2+ 74. Kg6 Qb6+ 75. Kh5 Qd6 76. Qg6+ 1-0

[Event "17e tournoi de Noël"]
[Site "Montigny le Bretonneux"]
[Date "2016.12.28"]
[Round "3.3"]
[White "Fayolle, Guy"]
[Black "Carvallo, Henri"]
[Result "0-1"]
[WhiteElo "1818"]
[BlackElo "2127"]
[Annotator "Rivier,Sylvain"]
[PlyCount "166"]
[EventDate "2016.??.??"]

{Défense Pirc} 1. e4 d6 2. d4 Nf6 3. Nc3 e5 4. dxe5 dxe5 5. Qxd8+ Kxd8 6. Bg5
c6 7. O-O-O+ Ke8 8. Nf3 Nbd7 9. Bd3 Bb4 10. Ne2 Ng4 11. Bh4 Bc5 12. Rhf1 f6 13.
h3 Nh6 14. g4 g5 15. Bg3 Nb6 16. Nd2 Be6 17. Nb3 Bb4 18. a3 Be7 19. f3 a5 20.
Bf2 Nd7 21. a4 Nf7 22. Nc3 Bb4 23. Na2 Bd6 24. Nc3 Ke7 25. Nd2 Bc5 26. Bc4 h5
27. Bxe6 Kxe6 28. Bxc5 Nxc5 29. Nc4 hxg4 30. hxg4 Rh2 31. Rh1 Rxh1 32. Rxh1 Nd7
33. b3 b6 34. Kd2 Rh8 35. Rxh8 Nxh8 36. Ke3 Ng6 37. Ne2 Ne7 38. Nc3 Nc8 39. Nd1
Nc5 40. Nc3 Na6 41. Na2 Kd7 42. Kd3 Nc5+ 43. Kc3 Ne6 44. Nd2 Nd4 45. Kd3 Nd6
46. c3 Ne6 47. Ke3 Nc5 48. Nc1 b5 49. axb5 cxb5 50. Nd3 Ne6 51. Nb2 Kc6 52. Kd3
Nb7 53. Ke3 Nbc5 54. Nd3 a4 55. Nb4+ Kd6 56. bxa4 Nxa4 57. Kd3 Nf4+ 58. Kc2 Nc5
59. Nf1 Ng2 60. Kd2 Nb3+ 61. Kc2 Nc5 62. Kd2 Nd7 63. Ne3 Nh4 64. Ke2 Ng6 65.
Kd2 Nf4 66. Nf5+ Ke6 67. Nd3 Ng6 68. Ke3 Nf4 69. Nxf4+ gxf4+ 70. Kd3 Nc5+ 71.
Kc2 Kd7 72. Nh4 Kc6 73. Ng2 Ne6 74. Ne1 Ng5 75. Kd3 Kc5 76. Kd2 Kc4 77. Kc2 Nh3
78. Nd3 Ng1 79. Ne1 Ne2 80. Nd3 Nxc3 81. Nxe5+ fxe5 82. g5 Ne2 83. g6 Nd4+ 0-1

[Event "17e tournoi de Noël"]
[Site "Montigny le Bretonneux"]
[Date "2016.12.28"]
[Round "3.4"]
[White "Bouloc, Roger"]
[Black "Fruchard, Cyrille"]
[Result "0-1"]
[WhiteElo "1413"]
[BlackElo "2084"]
[Annotator "Rivier,Sylvain"]
[PlyCount "36"]
[EventDate "2016.??.??"]

{Défense française, variante Tarrasch fermée} 1. e4 e6 2. d4 d5 3. Nd2 Nf6 4.
e5 Nfd7 5. Bd3 c5 6. c3 Nc6 7. Ne2 cxd4 8. cxd4 f6 9. exf6 Nxf6 10. Nb3 Bd6 11.
O-O O-O 12. Bg5 Bxh2+ 13. Kh1 Bd6 14. Ng3 h6 15. Be3 e5 16. dxe5 Ng4 17. exd6
Qh4+ 18. Kg1 Qh2# 0-1

[Event "17e tournoi de Noël"]
[Site "Montigny le Bretonneux"]
[Date "2016.12.28"]
[Round "3.5"]
[White "Ibazizen, Abdelatif"]
[Black "Larramendy, Pierre"]
[Result "1-0"]
[WhiteElo "2021"]
[BlackElo "1796"]
[Annotator "Rivier,Sylvain"]
[PlyCount "89"]
[EventDate "2016.??.??"]

{Défense sicilienne, variante Najdorf} 1. e4 c5 2. Nf3 d6 3. d4 cxd4 4. Nxd4
Nf6 5. Nc3 a6 6. Be3 e5 7. Nf3 Be6 8. Be2 Be7 9. O-O O-O 10. a4 Nc6 11. h3 d5
12. exd5 Nxd5 13. Nxd5 Qxd5 14. Qxd5 Bxd5 15. Rfd1 Be6 16. c3 Bd8 17. Ng5 Bxg5
18. Bxg5 f6 19. Be3 Rfd8 20. Bb6 Rxd1+ 21. Rxd1 Kf8 22. Bf3 Rc8 23. Rd6 Ke7 24.
Bc5 Kf7 25. b4 f5 26. Kf1 e4 27. Be2 Rd8 28. Ke1 Rxd6 29. Bxd6 Ke8 30. Kd2 Kd7
31. Bf8 g6 32. Ke3 Bb3 33. a5 Ke6 34. c4 Ke5 35. Bg7+ Ke6 36. Bc3 Na7 37. Kd4
Kd6 38. b5 axb5 39. cxb5 Ba4 40. Bb4+ Kd7 41. Kc5 Nc8 42. Bd2 Bb3 43. Bf4 Be6
44. a6 bxa6 45. b6 1-0

[Event "17e tournoi de Noël"]
[Site "Montigny le Bretonneux"]
[Date "2016.12.28"]
[Round "3.6"]
[White "Tseveendorj, Ider"]
[Black "De Lagontrie, Jean"]
[Result "1-0"]
[WhiteElo "2118"]
[BlackElo "1746"]
[Annotator "Rivier,Sylvain"]
[PlyCount "51"]
[EventDate "2016.??.??"]

{Partie du pion dame} 1. d4 d5 2. Nf3 Nf6 3. e3 e6 4. Bd3 c5 5. b3 Nc6 6. Nbd2
Bd6 7. Bb2 O-O 8. a3 cxd4 9. exd4 e5 10. dxe5 Re8 11. O-O Nxe5 12. Be2 Bd7 13.
h3 Rc8 14. Nd4 Nc6 15. N2f3 Nxd4 16. Nxd4 a6 17. Bd3 g6 18. Qf3 Bf8 19. Rfe1
Bg7 20. Ne2 Bc6 21. Bd4 Ne4 22. Rad1 Qe7 23. Qe3 f5 24. Nf4 Bxd4 25. Qxd4 Qf6
26. Rxe4 1-0

[Event "17e tournoi de Noël"]
[Site "Montigny le Bretonneux"]
[Date "2016.12.28"]
[Round "3.7"]
[White "Artieres, Michel"]
[Black "Benbakir, Chouaib"]
[Result "1/2-1/2"]
[WhiteElo "1783"]
[BlackElo "1729"]
[Annotator "Rivier,Sylvain"]
[PlyCount "83"]
[EventDate "2016.??.??"]

{Défense est-indienne} 1. e4 d6 2. d4 Nf6 3. Bd3 g6 4. Ne2 Bg7 5. c4 O-O 6.
Nbc3 Nc6 7. O-O e5 8. d5 Ne7 9. Ng3 Ne8 10. Be3 f5 11. exf5 gxf5 12. f4 e4 13.
Bc2 Nf6 14. Bd4 Ng6 15. Nce2 Rf7 16. b4 h5 17. Qd2 h4 18. Nh1 Qe7 19. Nf2 Bd7
20. Bb3 Bh6 21. c5 Bb5 22. Nh3 Ng4 23. Be3 Nxe3 24. Qxe3 Ne5 25. a4 Bd3 26.
Rac1 Rg7 27. Kh1 Kh8 28. Rg1 Bxe2 29. Qxe2 Nd3 30. Rc4 Nxf4 31. Nxf4 Bxf4 32.
Qh5+ Rh7 33. Qxf5 Be5 34. Qxe4 Rf8 35. Qd3 Qg5 36. Bc2 Rg7 37. Qh3 Rf4 38. Rxf4
Qxf4 39. cxd6 cxd6 40. b5 Rc7 41. Bd1 Rc3 42. Bf3 1/2-1/2

[Event "17e tournoi de Noël"]
[Site "Montigny le Bretonneux"]
[Date "2016.12.28"]
[Round "3.8"]
[White "Benahmed, Faycal"]
[Black "Saugrain, Marc-Antoine"]
[Result "0-1"]
[WhiteElo "1525"]
[BlackElo "1821"]
[Annotator "Rivier,Sylvain"]
[PlyCount "42"]
[EventDate "2016.??.??"]

{Défense est-indienne} 1. Nf3 Nf6 2. d4 g6 3. Bf4 Bg7 4. c4 d6 5. Nc3 O-O 6.
Qd2 Nbd7 7. Bh6 e5 8. Bxg7 Kxg7 9. O-O-O Qe7 10. Qg5 a6 11. h4 b5 12. a3 bxc4
13. h5 Bb7 14. hxg6 fxg6 15. Qh6+ Kg8 16. Ng5 d5 17. dxe5 Nxe5 18. f3 c5 19. g3
d4 20. Na4 Nf7 21. Qh4 Qe3+ 0-1

[Event "17e tournoi de Noël"]
[Site "Montigny le Bretonneux"]
[Date "2016.12.28"]
[Round "3.9"]
[White "Plantet, Marc"]
[Black "Ider, Jargalan"]
[Result "1-0"]
[WhiteElo "1745"]
[BlackElo "1537"]
[Annotator "Rivier,Sylvain"]
[PlyCount "71"]
[EventDate "2016.??.??"]

{Défense française, variante Steinitz} 1. e4 e6 2. d4 d5 3. Nc3 Nf6 4. e5 Nfd7
5. f4 c5 6. Nf3 Nc6 7. Be3 Qb6 8. Qd2 c4 9. a3 Qa5 10. Rd1 b5 11. f5 Rb8 12.
Be2 b4 13. axb4 Bxb4 14. fxe6 fxe6 15. Ng5 Nb6 16. O-O Nd8 17. Ra1 Na4 18. Bh5+
g6 19. Qf2 Rf8 20. Qh4 Rxf1+ 21. Rxf1 Rb7 22. Nxh7 Be7 23. Bxg6+ Kd7 24. Nf6+
Kc6 25. Be8+ Kb6 26. Nxa4+ Ka6 27. Ra1 Qb4 28. c3 Bxf6 29. Qxf6 Qe7 30. Nc5+
Kb6 31. Ra6+ Kc7 32. Qxe7+ Kb8 33. Qxd8 Rxb2 34. Qd6+ Ka8 35. Bc6+ Bb7 36. Qd8#
1-0

[Event "17e tournoi de Noël"]
[Site "Montigny le Bretonneux"]
[Date "2016.12.28"]
[Round "3.10"]
[White "Danzanvilliers, Patrice"]
[Black "Longbien, Dominique"]
[Result "1-0"]
[WhiteElo "1725"]
[BlackElo "1513"]
[Annotator "Rivier,Sylvain"]
[PlyCount "33"]
[EventDate "2016.??.??"]

{Défense des deux cavaliers} 1. e4 e5 2. Nf3 Nc6 3. d4 exd4 4. Bc4 Nf6 5. e5
Na5 6. exf6 Qxf6 7. O-O Nxc4 8. Qe2+ Qe6 9. Qd1 d6 10. Re1 Ne5 11. Nxd4 Qd5 12.
Nc3 Qc4 13. f4 c5 14. Ndb5 Kd7 15. fxe5 a6 16. Nxd6 Qd4+ 17. Be3 1-0